000 00541nam a22001817a 4500
999 _c189647
_d189647
005 20220708151442.0
010 _aENG-133449
020 _a9788193115313
_c600.00
035 _aEN-116981
037 _bDBAD/PUB
082 _a613.2
100 _aGupta, Manoj
245 _aNutrition and Food Science/
_cManoj Gupta
260 _aMumbai
_bJyoti Publication
_c2018
270 _bMumbai
_e400056
_a4/121 Frances Seth Chawl Society Road, Irla, Vile Parle West
300 _a167p.
_c20cm(pbk)
942 _2ddc
_cEN
_h613.2
_mGUP